[Event "Turkey Cup 2019"]
[Site "Belek"]
[Date "2019.01.28"]
[Round "2.74"]
[White "Koc, Ilkay"]
[Black "Oz, Dindar"]
[Result "1-0"]
[WhiteElo "2000"]
[BlackElo "1644"]
[Annotator "NA RC"]
[PlyCount "83"]
[EventDate "2019.01.27"]
[EventType "swiss"]
[EventCountry "TUR"]
[SourceTitle "playchess.com"]
[Source "ChessBase"]
[SourceQuality "1"]

1. d4 d5 2. c4 c6 3. Nf3 Nf6 4. e3 e6 5. b3 Nbd7 6. Bd3 dxc4 7. bxc4 c5 8. O-O Bd6 9. Qe2 O-O 10. e4 e5 11. d5 Re8 12. Nc3 Nf8 13. Ne1 Ng6 14. f3 Nh5 15. g3 Nf6 16. Be3 h5 17. Ng2 h4 18. f4 h3 19. Ne1 Bg4 20. Qd2 b6 21. f5 Nf8 22. Be2 N8h7 23. Qd1 Bxe2 24. Qxe2 b5 25. cxb5 Qa5 26. Bd2 Rab8 27. Nc2 c4 28. Rab1 Ng5 29. Kh1 Rec8 30. a3 Nfh7 31. Nb4 Bxb4 32. axb4 Qd8 33. Ra1 Qe7 34. Ra4 f6 35. Be3 Rb7 36. Bc5 Rxc5 37. bxc5 Qxc5 38. Rd1 Nf7 39. Qxc4 Qxc4 40. Rxc4 Nd6 41. Rc6 Nxb5 42. Rb1 1-0

[Event "Turkey Cup 2019"]
[Site "Belek"]
[Date "2019.01.28"]
[Round "2.75"]
[White "Deniz, Medeni"]
[Black "Ozsayin, Elif"]
[Result "1-0"]
[WhiteElo "1933"]
[BlackElo "1613"]
[Annotator "NA"]
[PlyCount "77"]
[EventDate "2019.01.27"]
[EventType "swiss"]
[EventCountry "TUR"]
[SourceTitle "playchess.com"]
[Source "ChessBase"]
[SourceQuality "1"]

1. c4 Nf6 2. g3 e6 3. Bg2 d5 4. Nf3 c5 5. cxd5 exd5 6. d4 Nc6 7. O-O Be7 8. Nc3 h6 9. b3 O-O 10. Bb2 Bf5 11. Rc1 cxd4 12. Nxd4 Bg6 13. Bxd5 Nxd5 14. Nxd5 Nxd4 15. Qxd4 Bf6 16. Nxf6+ Qxf6 17. Qxf6 gxf6 18. Bxf6 Rfe8 19. Rfe1 Re6 20. Bd4 a6 21. f3 Rd8 22. e3 Bd3 23. a4 b5 24. a5 h5 25. Kf2 Rdd6 26. Red1 Bf5 27. Rc8+ Kh7 28. Rdc1 Re7 29. Rh8+ Kg6 30. Rc5 f6 31. h4 Red7 32. Rb8 Be6 33. b4 Bd5 34. Rf8 Bf7 35. g4 Kg7 36. Rfc8 Kh7 37. g5 Be6 38. gxf6 Bf7 39. Rg5 1-0

[Event "Turkey Cup 2019"]
[Site "Belek"]
[Date "2019.01.28"]
[Round "2.76"]
[White "Gazioglu, Halit"]
[Black "Kahraman, Yusuf"]
[Result "1-0"]
[WhiteElo "1909"]
[BlackElo "1484"]
[Annotator "NA"]
[PlyCount "45"]
[EventDate "2019.01.27"]
[EventType "swiss"]
[EventCountry "TUR"]
[SourceTitle "playchess.com"]
[Source "ChessBase"]
[SourceQuality "1"]

1. d4 d5 2. Nf3 Nf6 3. g3 Bf5 4. Bg2 c5 5. O-O Nc6 6. c3 e6 7. Be3 c4 8. b3 b5 9. bxc4 bxc4 10. Qa4 Qd7 11. Nbd2 Bd6 12. Nh4 Bg4 13. Nxc4 Bxe2 14. Nxd6+ Qxd6 15. Rfe1 Bc4 16. Nf5 Qd7 17. Nxg7+ Kf8 18. Bh6 Kg8 19. Qd1 Ne7 20. Qf3 Ne8 21. Nxe8 Rxe8 22. Qf6 Nf5 23. Qg5+ 1-0

[Event "Turkey Cup 2019"]
[Site "Belek"]
[Date "2019.01.28"]
[Round "2.77"]
[White "Ozveren, Ali Bulent"]
[Black "Dalgar, Sudenaz"]
[Result "1-0"]
[WhiteElo "1906"]
[BlackElo "1461"]
[Annotator "NA"]
[PlyCount "201"]
[EventDate "2019.01.27"]
[EventType "swiss"]
[EventCountry "TUR"]
[SourceTitle "playchess.com"]
[Source "ChessBase"]
[SourceQuality "1"]

1. Nf3 Nf6 2. c4 g6 3. Nc3 Bg7 4. e4 d6 5. d4 O-O 6. Be2 Nbd7 7. O-O e5 8. d5 a5 9. Be3 Re8 10. h3 Nc5 11. Nd2 h5 12. Bg5 Qd7 13. Qc2 Nh7 14. Be3 Qe7 15. Nb3 f5 16. Nxc5 dxc5 17. exf5 Bxf5 18. Qd2 Kh8 19. Rad1 Red8 20. Rfe1 h4 21. Bf3 Rd7 22. Ne4 b6 23. Bg5 Nxg5 24. Qxg5 Qxg5 25. Nxg5 Re8 26. Be4 Bf6 27. Nf3 Kg7 28. a4 Kf7 29. b3 Kg7 30. Nd2 Kf7 31. Nb1 Bg7 32. Nc3 Bf8 33. Rd3 Kf6 34. Nb5 Red8 35. Rf3 Bh6 36. Nc3 Rf7 37. Rd1 Ke7 38. Rfd3 Rf6 39. f3 Rd7 40. Re1 Kf7 41. Bxf5 Rxf5 42. Ne4 Ke7 43. Nf2 Bf4 44. Red1 Rf8 45. Ne4 Rfd8 46. Kf2 g5 47. Ke2 Kf7 48. Nf2 Re8 49. Rc3 Kg6 50. Ne4 Rf8 51. Rcd3 Re8 52. Re1 Rf8 53. Kf1 Re8 54. Nc3 Red8 55. Ne2 Re8 56. Nc3 Red8 57. Rdd1 Re8 58. Re4 Red8 59. Ne2 Re8 60. Nc3 Red8 61. Ke2 Re8 62. Kd3 Red8 63. Rde1 Re8 64. Ne2 Rde7 65. Kc2 Kf6 66. Nc3 Rd7 67. R1e2 Kg6 68. Nd1 Kf6 69. Nf2 Rde7 70. Ng4+ Kf5 71. Nf2 Kf6 72. Nd1 Kg6 73. Nc3 Kf5 74. Nb5 Rd7 75. Na7 Rde7 76. Re1 Rf7 77. Rd1 Rd7 78. Nc6 Rf8 79. Rd3 Rff7 80. Re1 Rd6 81. Re2 Rg7 82. Rd1 Bg3 83. Na7 Rd8 84. Nb5 Rgd7 85. Red2 Bf4 86. Rd3 Kf6 87. Nc3 Kg6 88. d6 c6 89. Ne4 Re8 90. Ra1 Ra8 91. Re1 Re8 92. Rdd1 Red8 93. Rd3 Re8 94. Red1 Red8 95. b4 axb4 96. a5 bxa5 97. Nxc5 Rf7 98. d7 Re7 99. Nb7 b3+ 100. Kb1 e4 101. fxe4 1-0

[Event "Turkey Cup 2019"]
[Site "Belek"]
[Date "2019.01.28"]
[Round "2.78"]
[White "Sarioglu, Burak"]
[Black "Eldemir, Goksu"]
[Result "0-1"]
[WhiteElo "1295"]
[BlackElo "1876"]
[Annotator "NA"]
[PlyCount "36"]
[EventDate "2019.01.27"]
[EventType "swiss"]
[EventCountry "TUR"]
[SourceTitle "playchess.com"]
[Source "ChessBase"]
[SourceQuality "1"]

1. e4 c5 2. c3 Nf6 3. e5 Nd5 4. d4 cxd4 5. Nf3 e6 6. cxd4 d6 7. Bc4 Nb6 8. Bb3 Bd7 9. Nc3 Bc6 10. d5 exd5 11. Nxd5 Nxd5 12. Bxd5 Qa5+ 13. Bd2 Qxd5 14. O-O dxe5 15. Re1 f6 16. Rc1 Be7 17. b4 O-O 18. Re3 Rd8 0-1

[Event "Turkey Cup 2019"]
[Site "Belek"]
[Date "2019.01.28"]
[Round "2.79"]
[White "Karakus, Ali"]
[Black "Demir, Zeki"]
[Result "0-1"]
[WhiteElo "1303"]
[BlackElo "1805"]
[Annotator "NA"]
[PlyCount "66"]
[EventDate "2019.01.27"]
[EventType "swiss"]
[EventCountry "TUR"]
[SourceTitle "playchess.com"]
[Source "ChessBase"]
[SourceQuality "1"]

1. e4 e5 2. Nf3 Nc6 3. Nc3 Nf6 4. Bb5 Bb4 5. O-O O-O 6. d3 d6 7. Ne2 a6 8. Ba4 b5 9. Bb3 d5 10. exd5 Nxd5 11. c3 Be7 12. Re1 Bf6 13. Ng3 g6 14. Bh6 Re8 15. Qc2 Bg4 16. Nd2 Bg7 17. Bxg7 Kxg7 18. Nde4 Nf4 19. d4 h5 20. f3 Bc8 21. dxe5 Rxe5 22. Rad1 Qe7 23. Kf2 f5 24. Nd2 Qc5+ 25. Kf1 Bb7 26. Nde4 fxe4 27. Nxe4 Qe7 28. g3 Ne6 29. f4 Rf8 30. Kg1 Nxf4 31. gxf4 Rxf4 32. Bd5 Rxd5 33. Rxd5 Ne5 0-1

[Event "Turkey Cup 2019"]
[Site "Belek"]
[Date "2019.01.28"]
[Round "2.80"]
[White "Demir, Hilmi Mustafa"]
[Black "Nay, Ali Dogan"]
[Result "1-0"]
[WhiteElo "1809"]
[BlackElo "1198"]
[Annotator "NA"]
[PlyCount "147"]
[EventDate "2019.01.27"]
[EventType "swiss"]
[EventCountry "TUR"]
[SourceTitle "playchess.com"]
[Source "ChessBase"]
[SourceQuality "1"]

1. e4 d5 2. Nc3 d4 3. Nce2 Nf6 4. d3 c5 5. g3 b6 6. Bg2 Bb7 7. Nh3 e5 8. O-O Be7 9. f4 Nbd7 10. Nf2 O-O 11. f5 Rc8 12. g4 h6 13. Ng3 c4 14. Bf3 c3 15. b3 Nh7 16. Kg2 Ng5 17. Rh1 Nxf3 18. Qxf3 Bg5 19. Bxg5 Qxg5 20. h4 Qe7 21. g5 hxg5 22. hxg5 Qxg5 23. Rh5 Qd2 24. Rah1 f6 25. Qg4 Kf7 26. Qg6+ Ke7 27. Rh7 Kd6 28. Qxg7 Bc6 29. Qe7+ Kc7 30. Qa3 a5 31. Qc1 Qxc1 32. Rxc1 Kd6 33. Rch1 Kc5 34. a3 Rg8 35. Kf3 Rg5 36. Rh8 Rcg8 37. Rxg8 Rxg8 38. Ng4 Kd6 39. Rh7 Rf8 40. Nh5 Bb5 41. Ke2 Rg8 42. Ng7 Kc5 43. Nh6 Rc8 44. Ng4 Rg8 45. a4 Bc6 46. Nh6 Rc8 47. Nh5 Kb4 48. Rxd7 Bxd7 49. Nxf6 Be8 50. Nhg4 Ka3 51. Nxe5 Kb2 52. Nf3 Rd8 53. Nxe8 Rxe8 54. Nxd4 Rd8 55. Nb5 Kxc2 56. f6 Rf8 57. e5 Kxb3 58. Ke3 c2 59. Nd4+ Kc3 60. Ne2+ Kb2 61. Kd2 b5 62. axb5 a4 63. b6 a3 64. Nc1 Rh8 65. f7 Rh2+ 66. Ke3 Kxc1 67. f8=Q Kb2 68. Qb4+ Ka2 69. Qc3 Kb1 70. Qb3+ Ka1 71. Qxa3+ Kb1 72. b7 Rh8 73. Kd2 Rh2+ 74. Kc3 1-0

[Event "Turkey Cup 2019"]
[Site "Belek"]
[Date "2019.01.28"]
[Round "2.81"]
[White "Turkkan, Ece"]
[Black "Lale, Omer Faruk"]
[Result "1/2-1/2"]
[WhiteElo "1531"]
[BlackElo "1829"]
[Annotator "NA"]
[PlyCount "89"]
[EventDate "2019.01.27"]
[EventType "swiss"]
[EventCountry "TUR"]
[SourceTitle "playchess.com"]
[Source "ChessBase"]
[SourceQuality "1"]

1. d4 Nf6 2. c4 d6 3. Nc3 Nbd7 4. e4 c5 5. Nge2 cxd4 6. Nxd4 g6 7. Be3 Bg7 8. Be2 O-O 9. O-O a6 10. Qd2 Re8 11. Rac1 Ne5 12. f3 Nc6 13. Rfd1 Nxd4 14. Bxd4 Be6 15. Be3 Rc8 16. b3 Qa5 17. Na4 Qxd2 18. Bxd2 Nd7 19. Be3 f5 20. Nb6 Nxb6 21. Bxb6 Rc6 22. Be3 Rec8 23. Bd3 Kf7 24. exf5 gxf5 25. Be2 Bb2 26. Rc2 Ba3 27. Rcd2 Bc5 28. Rd3 b5 29. cxb5 axb5 30. f4 Bxe3+ 31. Rxe3 Rc1 32. Kf2 Rxd1 33. Bxd1 Rc1 34. Ke1 Ra1 35. Rh3 Rxa2 36. Rxh7+ Kg6 37. Rxe7 Kf6 38. Rb7 Rxg2 39. Rxb5 Rxh2 40. Rb6 Ke7 41. Rb7+ Kf6 42. Rb6 d5 43. Bf3 Ke7 44. Rb7+ Kf6 45. Rb6 1/2-1/2

[Event "Turkey Cup 2019"]
[Site "Belek"]
[Date "2019.01.28"]
[Round "2.82"]
[White "Atayman, Evren"]
[Black "Aydin, Ataberk"]
[Result "1-0"]
[WhiteElo "1668"]
[BlackElo "1389"]
[Annotator "NA"]
[PlyCount "155"]
[EventDate "2019.01.27"]
[EventType "swiss"]
[EventCountry "TUR"]
[SourceTitle "playchess.com"]
[Source "ChessBase"]
[SourceQuality "1"]

1. d4 d5 2. Bf4 e6 3. Nf3 f5 4. e3 Nf6 5. Bd3 Be7 6. Nbd2 O-O 7. c4 c6 8. Qc2 Ne4 9. h4 Nd7 10. h5 a6 11. a3 Qa5 12. Ke2 Ndf6 13. b4 Qd8 14. Ne5 Nd7 15. f3 Nxd2 16. Qxd2 Nxe5 17. Bxe5 Bd6 18. Bxd6 Qxd6 19. f4 b5 20. c5 Qc7 21. a4 Bd7 22. a5 Rae8 23. Kd1 Qd8 24. Kc2 Kh8 25. Kc3 Bc8 26. g3 Qe7 27. Rag1 Bd7 28. Rh2 Rg8 29. g4 Bc8 30. Qg2 Ref8 31. Rh3 Rf7 32. gxf5 exf5 33. Qg6 Qf6 34. Rhg3 hxg6 35. hxg6 Qh4 36. gxf7 Rf8 37. Rxg7 Be6 38. Bxf5 Bxf7 39. R7g4 Qh6 40. R4g3 Bh5 41. Rg5 Rxf5 42. Rxf5 Bg6 43. Rf6 Qh3 44. Rfxg6 Qxe3+ 45. Kb2 Qxd4+ 46. Kc2 Qe4+ 47. Kd2 Qxb4+ 48. Ke3 Qe4+ 49. Kf2 Qxf4+ 50. Kg2 Qe4+ 51. Kh3 Qf5+ 52. Kh4 Qf4+ 53. R1g4 Qf2+ 54. Kg5 Qe3+ 55. Kf6 Qf2+ 56. Ke6 Kh7 57. Rg7+ Kh6 58. R4g6+ Kh5 59. Rg2 Qe1+ 60. Kd7 Kh6 61. R7g3 Qh1 62. Rg6+ Kh7 63. Rg7+ Kh6 64. R2g6+ Kh5 65. Rh7+ Kxg6 66. Rxh1 Kf5 67. Kxc6 d4 68. Kb6 d3 69. c6 Ke6 70. c7 Kd7 71. Kb7 d2 72. c8=Q+ Kd6 73. Rh5 Ke7 74. Rh6 d1=Q 75. Qc7+ Qd7 76. Rh7+ Kf8 77. Qxd7 b4 78. Qf7# 1-0

[Event "Turkey Cup 2019"]
[Site "Belek"]
[Date "2019.01.28"]
[Round "2.84"]
[White "Yaziciogullari, Ali Emre"]
[Black "Eryigit, Cengiz"]
[Result "1-0"]
[WhiteElo "1675"]
[BlackElo "1194"]
[Annotator "NA"]
[PlyCount "79"]
[EventDate "2019.01.27"]
[EventType "swiss"]
[EventCountry "TUR"]
[SourceTitle "playchess.com"]
[Source "ChessBase"]
[SourceQuality "1"]

1. e4 d5 2. exd5 Nf6 3. d4 Bg4 4. Be2 Bf5 5. c4 e6 6. dxe6 Bxe6 7. Nf3 Bb4+ 8. Bd2 Bxd2+ 9. Nbxd2 O-O 10. O-O c6 11. b3 Nbd7 12. Qc2 h6 13. Rfe1 Nb6 14. Rad1 Qc7 15. Ne4 Bf5 16. Nxf6+ gxf6 17. Qxf5 Qd7 18. Qxf6 Qg4 19. Qxh6 Rae8 20. Ne5 Qg7 21. Qh3 Re6 22. Rd3 Rh6 23. Qxh6 Qxh6 24. Rg3+ Kh8 25. Rh3 Qxh3 26. gxh3 Rg8+ 27. Kf1 Nc8 28. Nxf7+ Kg7 29. Ne5 Nd6 30. Bg4 b5 31. c5 Ne8 32. Nxc6 Nf6 33. d5 Nxd5 34. Be6 Rh8 35. Bxd5 Rxh3 36. Nxa7 Rh5 37. Rd1 Rxh2 38. c6 Rh3 39. Nxb5 Rc3 40. Nxc3 1-0

[Event "Turkey Cup 2019"]
[Site "Belek"]
[Date "2019.01.28"]
[Round "2.85"]
[White "Demir, Bilal"]
[Black "Odabasi, Nail"]
[Result "1-0"]
[WhiteElo "2094"]
[BlackElo "1525"]
[Annotator "NA RC"]
[PlyCount "77"]
[EventDate "2019.01.27"]
[EventType "swiss"]
[EventCountry "TUR"]
[SourceTitle "playchess.com"]
[Source "ChessBase"]
[SourceQuality "1"]

1. Nf3 Nf6 2. g3 d5 3. Bg2 Bf5 4. O-O e6 5. c4 c6 6. b3 Nbd7 7. Nc3 h6 8. d3 Be7 9. Bb2 O-O 10. Re1 Nc5 11. b4 Ncd7 12. a3 dxc4 13. dxc4 Nb6 14. Qb3 Ne4 15. Rad1 Qc7 16. Nd4 Nxc3 17. Bxc3 Bg6 18. e4 Rad8 19. c5 Nc8 20. h3 Rfe8 21. f4 Bf6 22. Nc2 Rxd1 23. Rxd1 Rd8 24. Ne3 Rxd1+ 25. Nxd1 Bxc3 26. Qxc3 Qd8 27. Nb2 f5 28. Qe5 Kf7 29. Nc4 fxe4 30. Kh2 b5 31. cxb6 axb6 32. Qb8 Kg8 33. Ne5 Be8 34. Bxe4 c5 35. h4 cxb4 36. axb4 Bb5 37. Bg2 h5 38. Nc6 Qf8 39. Qxc8 1-0

[Event "Turkey Cup 2019"]
[Site "Belek"]
[Date "2019.01.28"]
[Round "2.86"]
[White "Deveci, Halit"]
[Black "Daghan, Devran"]
[Result "1-0"]
[WhiteElo "1621"]
[BlackElo "2020"]
[Annotator "NA RC"]
[PlyCount "43"]
[EventDate "2019.01.27"]
[EventType "swiss"]
[EventCountry "TUR"]
[SourceTitle "playchess.com"]
[Source "ChessBase"]
[SourceQuality "1"]

1. e4 d5 2. exd5 Qxd5 3. Nc3 Qa5 4. d4 Nf6 5. Nf3 Bg4 6. h3 Qh5 7. Be2 Nc6 8. O-O O-O-O 9. hxg4 Nxg4 10. Bf4 f5 11. Qc1 g5 12. Nxg5 Nxd4 13. Nf3 Rg8 14. Nxd4 Rxd4 15. Rd1 e5 16. Rxd4 exf4 17. Qxf4 Bh6 18. Bxg4 Rxg4 19. Qf3 f4 20. Rad1 Bg5 21. Qd5 b6 22. Qa8# 1-0

[Event "Turkey Cup 2019"]
[Site "Belek"]
[Date "2019.01.28"]
[Round "2.87"]
[White "Pazarcioglu, Ilker"]
[Black "Cilek, Bora"]
[Result "0-1"]
[WhiteElo "1511"]
[BlackElo "1907"]
[Annotator "NA"]
[PlyCount "78"]
[EventDate "2019.01.27"]
[EventType "swiss"]
[EventCountry "TUR"]
[SourceTitle "playchess.com"]
[Source "ChessBase"]
[SourceQuality "1"]

1. e4 c5 2. Nf3 d6 3. d4 cxd4 4. Nxd4 Nf6 5. Nc3 g6 6. g3 Bg7 7. Bg2 O-O 8. O-O Bd7 9. a4 Nc6 10. Nde2 Qc8 11. Nf4 Re8 12. Ncd5 Ng4 13. c3 Nge5 14. Rb1 g5 15. Nd3 Nxd3 16. Qxd3 Ne5 17. Qd1 g4 18. b3 Be6 19. f4 gxf3 20. Bxf3 Bxd5 21. exd5 Qxc3 22. Be4 Qb4 23. Qe2 Rac8 24. Bb2 Ng6 25. Bxg7 Kxg7 26. Bxg6 hxg6 27. Qf3 Rf8 28. Rbe1 Qd4+ 29. Kh1 Rc3 30. Qg2 Re3 31. Rxe3 Qxe3 32. Rf3 Qd4 33. Rf1 Rc8 34. Qf3 f6 35. Rd1 Qe5 36. Qd3 Rc3 37. Qb5 Qe4+ 38. Kg1 Qe3+ 39. Kh1 Qf3+ 0-1

[Event "Turkey Cup 2019"]
[Site "Belek"]
[Date "2019.01.28"]
[Round "2.88"]
[White "Caner, Resul"]
[Black "Nardemir, Ismail"]
[Result "1-0"]
[WhiteElo "1884"]
[BlackElo "1535"]
[Annotator "NA"]
[PlyCount "81"]
[EventDate "2019.01.27"]
[EventType "swiss"]
[EventCountry "TUR"]
[SourceTitle "playchess.com"]
[Source "ChessBase"]
[SourceQuality "1"]

1. e4 e6 2. d4 c6 3. Bd3 d5 4. e5 c5 5. c3 Nc6 6. Nf3 Qb6 7. dxc5 Bxc5 8. O-O h6 9. b4 Bf8 10. a4 Qc7 11. b5 Nxe5 12. Nxe5 Qxe5 13. Re1 Qf6 14. Be3 Bd6 15. Bd4 Qg5 16. g3 Nf6 17. Nd2 O-O 18. c4 e5 19. Nf3 Qg4 20. Bxe5 Bb4 21. Re3 dxc4 22. Be2 Be6 23. Bxf6 gxf6 24. Nd4 Qg5 25. Nxe6 fxe6 26. Bxc4 Rfe8 27. Bxe6+ Kh8 28. Re4 Bc5 29. Qf3 Rad8 30. h4 Qg7 31. Rae1 Rd2 32. R1e2 f5 33. Qxf5 Qxg3+ 34. Kf1 Rd1+ 35. Re1 Qd3+ 36. Kg2 Bf8 37. Bc4 Qc2 38. Qf6+ Kh7 39. Qf7+ Bg7 40. Qf5+ Kh8 41. Rxe8+ 1-0

[Event "Turkey Cup 2019"]
[Site "Belek"]
[Date "2019.01.28"]
[Round "2.89"]
[White "Bek, Emir"]
[Black "Saglamer, Aysen"]
[Result "1-0"]
[WhiteElo "1844"]
[BlackElo "1499"]
[Annotator "NA"]
[PlyCount "61"]
[EventDate "2019.01.27"]
[EventType "swiss"]
[EventCountry "TUR"]
[SourceTitle "playchess.com"]
[Source "ChessBase"]
[SourceQuality "1"]

1. d4 d5 2. c4 dxc4 3. Nc3 a6 4. a4 e6 5. e4 Nc6 6. Nf3 Nf6 7. Bxc4 Bb4 8. Bg5 h6 9. Bxf6 Qxf6 10. O-O O-O 11. e5 Qd8 12. Ne4 Be7 13. Rc1 Nb4 14. Qe2 Nd5 15. Ba2 b6 16. Bb1 Bb7 17. g3 Qd7 18. Qc2 g6 19. h4 h5 20. Kh2 Rac8 21. Rg1 Nb4 22. Qd2 Bxe4 23. Bxe4 c5 24. Qh6 Rfd8 25. Bxg6 fxg6 26. Qxg6+ Kf8 27. g4 Qd5 28. gxh5 Bf6 29. Qxf6+ Ke8 30. Rg7 Rd7 31. Rg8# 1-0

[Event "Turkey Cup 2019"]
[Site "Belek"]
[Date "2019.01.28"]
[Round "2.90"]
[White "Gonullu, Muhammed Sinan"]
[Black "Kervancioglu, Talu"]
[Result "1/2-1/2"]
[WhiteElo "1815"]
[BlackElo "1535"]
[Annotator "NA"]
[PlyCount "89"]
[EventDate "2019.01.27"]
[EventType "swiss"]
[EventCountry "TUR"]
[SourceTitle "playchess.com"]
[Source "ChessBase"]
[SourceQuality "1"]

1. b3 e5 2. Bb2 Nc6 3. e3 d5 4. Bb5 Bd6 5. Nf3 Qe7 6. d4 Bg4 7. dxe5 Bxe5 8. Bxc6+ bxc6 9. Bxe5 Bxf3 10. Qxf3 Qxe5 11. c3 Nf6 12. Qg3 Nd7 13. O-O Qxg3 14. hxg3 O-O 15. Nd2 Ne5 16. Nf3 f6 17. Rfd1 a5 18. Nd4 Rfe8 19. Nf3 a4 20. Nxe5 fxe5 21. b4 Red8 22. Kf1 Kf7 23. Ke2 Ke7 24. Rac1 c5 25. a3 c6 26. Rb1 Rdb8 27. f4 Ke6 28. Rh1 h6 29. Kd2 d4 30. Rh5 dxc3+ 31. Kxc3 cxb4+ 32. Rxb4 exf4 33. gxf4 Rxb4 34. Kxb4 Kd6 35. Re5 Rb8+ 36. Kxa4 g6 37. e4 c5 38. Rd5+ Kc6 39. g3 c4 40. Rd4 Kc5 41. Rd5+ Kc6 42. Rd4 Kc5 43. Rd5+ Kc6 44. Rd4 Kc5 45. Rd5+ 1/2-1/2

[Event "Turkey Cup 2019"]
[Site "Belek"]
[Date "2019.01.28"]
[Round "2.91"]
[White "Caliskan, Seha"]
[Black "Turan, Fatih"]
[Result "1-0"]
[WhiteElo "1917"]
[BlackElo "1251"]
[Annotator "NA"]
[PlyCount "113"]
[EventDate "2019.01.27"]
[EventType "swiss"]
[EventCountry "TUR"]
[SourceTitle "playchess.com"]
[Source "ChessBase"]
[SourceQuality "1"]

1. d4 Nf6 2. Nf3 g6 3. Bg5 Bg7 4. Nbd2 d6 5. e4 O-O 6. c3 Nbd7 7. Be2 e5 8. dxe5 dxe5 9. O-O Qe7 10. b4 Rd8 11. Qc2 a5 12. a3 h6 13. Bh4 Nb6 14. Nb3 axb4 15. axb4 Rxa1 16. Rxa1 g5 17. Bg3 Nh5 18. Nfd2 Nxg3 19. hxg3 g4 20. f3 Qg5 21. Kf2 h5 22. Rh1 Bh6 23. Nf1 Be6 24. Nc5 Bc4 25. Nxb7 Ra8 26. Na5 Bxe2 27. Qxe2 Kg7 28. Ne3 Rd8 29. Nf5+ Kg8 30. Rd1 Rxd1 31. Qxd1 Qd2+ 32. Qe2 Bg5 33. Qxd2 Bxd2 34. fxg4 hxg4 35. Nc6 Bxc3 36. Nh6+ Kf8 37. Nxg4 Nd7 38. Ke2 f6 39. Kd3 Be1 40. Ne3 Nb6 41. g4 Ke8 42. b5 Bf2 43. Nf5 Bc5 44. g5 Kf7 45. Nd8+ Kg6 46. Ne6 Bg1 47. gxf6 Kxf6 48. Nxc7 Kg5 49. Ne3 Kf6 50. Ncd5+ Nxd5 51. exd5 Ke7 52. Nc4 Bd4 53. Ke4 Kf6 54. b6 Ke7 55. b7 Ba7 56. Nxe5 Kd6 57. Nc6 1-0

[Event "Turkey Cup 2019"]
[Site "Belek"]
[Date "2019.01.28"]
[Round "2.92"]
[White "Kalender, Murat Emre"]
[Black "Suzan, Ufuk"]
[Result "0-1"]
[WhiteElo "1612"]
[BlackElo "1831"]
[Annotator "NA"]
[PlyCount "72"]
[EventDate "2019.01.27"]
[EventType "swiss"]
[EventCountry "TUR"]
[SourceTitle "playchess.com"]
[Source "ChessBase"]
[SourceQuality "1"]

1. d4 d6 2. Bf4 f6 3. d5 e5 4. dxe6 Bxe6 5. e4 Ne7 6. Nc3 Ng6 7. Be3 Be7 8. f4 f5 9. Bd3 O-O 10. Qh5 Nh4 11. Qe2 Nc6 12. g3 fxe4 13. Bxe4 Nf5 14. Bf2 Nfd4 15. Bxd4 Nxd4 16. Qd3 Nf5 17. g4 Bh4+ 18. Kd2 Nh6 19. Bxh7+ Kh8 20. h3 Rxf4 21. Nge2 Bc4 22. Qe3 Rf2 23. Qe4 Qg5+ 24. Kd1 d5 25. Qg6 Qe3 26. Re1 Bg5 27. Qxg5 Qxg5 28. Bd3 Nf7 29. b3 Ba6 30. h4 Qxg4 31. Kc1 Bxd3 32. cxd3 Re8 33. Rg1 Qxg1+ 34. Nxg1 Re1+ 35. Nd1 Rxg1 36. a4 Ne5 0-1

[Event "Turkey Cup 2019"]
[Site "Belek"]
[Date "2019.01.28"]
[Round "2.94"]
[White "Koca, Cisem"]
[Black "Turan, Seyithan"]
[Result "0-1"]
[WhiteElo "1416"]
[BlackElo "1746"]
[Annotator "NA"]
[PlyCount "62"]
[EventDate "2019.01.27"]
[EventType "swiss"]
[EventCountry "TUR"]
[SourceTitle "playchess.com"]
[Source "ChessBase"]
[SourceQuality "1"]

1. e4 d6 2. d4 Nf6 3. Nc3 g6 4. f4 Bg7 5. Nf3 O-O 6. e5 Nfd7 7. Be2 c5 8. exd6 exd6 9. Nb5 Qb6 10. c4 a6 11. dxc5 dxc5 12. Nc3 Nf6 13. Bd3 Re8+ 14. Kf2 Ng4+ 15. Kg3 Be6 16. Qc2 Nc6 17. Na4 Qd8 18. Nxc5 Nb4 19. Qd2 Nxd3 20. Qxd3 Qxd3 21. Nxd3 Bxc4 22. Nc5 Nf6 23. h3 Re2 24. Na4 Bd5 25. Rf1 Rc8 26. Ne1 Rce8 27. Nf3 Rc2 28. Nc3 Nh5+ 29. Kh2 Bxc3 30. bxc3 Ree2 31. Ne1 Rxg2+ 0-1

[Event "Turkey Cup 2019"]
[Site "Belek"]
[Date "2019.01.28"]
[Round "2.95"]
[White "Kaplan, Can Sores"]
[Black "Gonen, Mutlu"]
[Result "0-1"]
[WhiteElo "1551"]
[BlackElo "1634"]
[Annotator "NA"]
[PlyCount "64"]
[EventDate "2019.01.27"]
[EventType "swiss"]
[EventCountry "TUR"]
[SourceTitle "playchess.com"]
[Source "ChessBase"]
[SourceQuality "1"]

1. e4 c5 2. Nf3 e6 3. Nc3 a6 4. b3 Qc7 5. Bb2 Nf6 6. h3 Nc6 7. Be2 Be7 8. O-O O-O 9. d3 b5 10. a3 Bb7 11. Nh2 d5 12. exd5 exd5 13. Bf3 Nd4 14. Ne2 Bd6 15. g3 Nxf3+ 16. Nxf3 d4 17. Nh2 Qc6 18. f3 Nd5 19. Bc1 Rfe8 20. Rf2 Ne3 21. Bxe3 Rxe3 22. Kg2 Rae8 23. Qf1 Qc7 24. Ng4 R3e7 25. c3 h5 26. Nh2 h4 27. cxd4 hxg3 28. Nxg3 Bxg3 29. Ng4 Bxf2 30. Nxf2 Qf4 31. Ne4 f5 32. Ng3 Re3 0-1

[Event "Turkey Cup 2019"]
[Site "Belek"]
[Date "2019.01.28"]
[Round "2.96"]
[White "Yucesoy, Atil"]
[Black "Kavalci, Emin"]
[Result "1-0"]
[WhiteElo "1685"]
[BlackElo "1495"]
[Annotator "NA"]
[PlyCount "129"]
[EventDate "2019.01.27"]
[EventType "swiss"]
[EventCountry "TUR"]
[SourceTitle "playchess.com"]
[Source "ChessBase"]
[SourceQuality "1"]

1. d4 d6 2. Nf3 Nf6 3. Nbd2 a6 4. e4 g6 5. Bd3 Bg7 6. O-O b5 7. a4 bxa4 8. Rxa4 Nbd7 9. Qe2 Nb6 10. Ra1 a5 11. Nc4 Nxc4 12. Bxc4 Bb7 13. e5 Nd5 14. Ng5 e6 15. Qg4 Qd7 16. exd6 cxd6 17. Re1 O-O 18. Qh4 h6 19. Ne4 Qc6 20. Bxd5 Qxd5 21. Bxh6 f5 22. Bxg7 Kxg7 23. c4 Qxd4 24. Qe7+ Rf7 25. Qxd6 e5 26. Qxd4 exd4 27. Nc5 Bc8 28. b4 Rc7 29. Re5 Kf6 30. Rd5 Rb8 31. b5 d3 32. Kf1 Be6 33. Nxe6 Kxe6 34. Rxd3 Rxc4 35. Rxa5 Rb6 36. Rb3 Kd5 37. Ra6 Kc5 38. Rxb6 Kxb6 39. Ke2 g5 40. Kf3 Rf4+ 41. Ke3 Re4+ 42. Kf3 Rh4 43. h3 Rf4+ 44. Ke2 Re4+ 45. Re3 Rb4 46. Re6+ Kb7 47. Re5 Rb2+ 48. Ke3 Rb3+ 49. Kd4 Rb4+ 50. Kc5 Rf4 51. f3 g4 52. Re7+ Kb8 53. Kb6 Kc8 54. fxg4 fxg4 55. g3 Rf6+ 56. Ka7 Rf3 57. hxg4 Rxg3 58. Rg7 Rb3 59. Kb6 Kd8 60. Kc6 Rc3+ 61. Kb7 Rb3 62. b6 Rd3 63. Kb8 Ke8 64. b7 Kf8 65. Rc7 1-0

[Event "Turkey Cup 2019"]
[Site "Belek"]
[Date "2019.01.28"]
[Round "3.1"]
[White "Yasin, Hur"]
[Black "Yilmazyerli, Mert"]
[Result "0-1"]
[WhiteElo "2004"]
[BlackElo "2436"]
[Annotator "TA"]
[PlyCount "52"]
[EventDate "2019.01.27"]
[EventType "swiss"]
[EventCountry "TUR"]
[SourceTitle "playchess.com"]
[Source "ChessBase"]
[SourceQuality "1"]

1. e4 g6 2. d4 Bg7 3. Nc3 d6 4. Be3 a6 5. a4 Nf6 6. h3 O-O 7. Qd2 c5 8. Nf3 cxd4 9. Nxd4 d5 10. exd5 Nxd5 11. Nxd5 Qxd5 12. c3 Nc6 13. Nxc6 Qxc6 14. a5 Bf5 15. Bb6 Be5 16. Qe3 Be4 17. h4 Bxg2 18. Bxg2 Qxg2 19. O-O-O Bg7 20. h5 Rac8 21. hxg6 hxg6 22. Qxe7 Rc4 23. Rh4 Qc6 24. Rxc4 Qxc4 25. Qxb7 Bxc3 26. Qd5 Bd2+ 0-1